|
|
|
|
| LEADER |
01568nam a2200361 a 4500 |
| 001 |
00023810 |
| 008 |
111116s2010 nyu 000 0aeng d |
| 010 |
|
|
|a 2009030927
|
| 020 |
|
|
|a 9780307464729
|
| 020 |
|
|
|a 9780307464712 (hardcover)
|
| 020 |
|
|
|a 0307464717
|
| 040 |
|
|
|a DLC
|c DLC
|d IG#
|d YDXCP
|d BUR
|d VP@
|d DLC
|d BD-DhAAL
|
| 082 |
0 |
0 |
|a 158
|2 22
|
| 100 |
1 |
|
|a Buffett, Peter.
|
| 245 |
1 |
0 |
|a Life is what you make it /
|c Peter Buffett.
|
| 250 |
|
|
|a 1st ed.
|
| 260 |
|
|
|a New York :
|b Harmony Books,
|c c2010.
|
| 300 |
|
|
|a 257 p. ;
|c 21 cm.
|
| 500 |
|
|
|a Find your own path to fulfillment
|
| 500 |
|
|
|a New York Time Best Seller
|
| 541 |
1 |
|
|e 00023810
|
| 600 |
1 |
0 |
|a Buffett, Peter.
|
| 600 |
1 |
0 |
|a Buffett, Warren
|x Family.
|
| 650 |
|
0 |
|a Conduct of life.
|
| 650 |
|
0 |
|a Values.
|
| 650 |
|
0 |
|a Children of the rich
|z United States
|v Biography.
|
| 650 |
|
0 |
|a Composers
|z United States
|v Biography.
|
| 852 |
1 |
|
|a Ayesha Abed Library
|j General shelf
|
| 856 |
4 |
2 |
|3 Contributor biographical information
|u http://www.loc.gov/catdir/enhancements/fy1010/2009030927-b.html
|
| 856 |
4 |
2 |
|3 Publisher description
|u http://www.loc.gov/catdir/enhancements/fy1010/2009030927-d.html
|
| 999 |
|
|
|c 11413
|d 11413
|
| 952 |
|
|
|0 0
|1 2
|2 ddc
|4 0
|6 158_000000000000000_BUF
|7 0
|9 18552
|a BRACUL
|b BRACUL
|c GEN
|d 2011-11-15
|e Karim International
|g 1260.00
|l 17
|m 42
|o 158 BUF
|p 3010023810
|q 2019-11-07
|r 2017-05-23
|s 2017-05-23
|t 1
|w 2011-11-16
|y BK
|
| 952 |
|
|
|0 0
|1 0
|4 0
|6 158_BUF
|7 0
|9 18553
|a BRACUL
|b BRACUL
|c GEN
|d 2011-11-15
|e Karim International
|g 1260.00
|l 24
|m 161
|o 158 BUF
|p 3010023811
|r 2023-01-09
|s 2022-03-12
|t 2
|w 2011-11-16
|y BK
|